Under the glacier / (Record no. 529836)
[ view plain ]
| 000 -LEADER | |
|---|---|
| fixed length control field | 01294cam a2200325 a 4500 |
| 001 - CONTROL NUMBER | |
| control field | 13585120 |
| 003 - CONTROL NUMBER IDENTIFIER | |
| control field | NUST |
| 005 - DATE AND TIME OF LATEST TRANSACTION | |
| control field | 20191003141933.0 |
| 008 - FIXED-LENGTH DATA ELEMENTS--GENERAL INFORMATION | |
| fixed length control field | 040507s2005 nyu 000 0 eng |
| 010 ## - LIBRARY OF CONGRESS CONTROL NUMBER | |
| LC control number | 2004043086 |
| 020 ## - INTERNATIONAL STANDARD BOOK NUMBER | |
| International Standard Book Number | 1400034418 (trade pbk.) |
| 038 ## - RECORD CONTENT LICENSOR | |
| Staff Name | waseem |
| 040 ## - CATALOGING SOURCE | |
| Original cataloging agency | DLC |
| Transcribing agency | DLC |
| Modifying agency | DLC |
| 041 1# - LANGUAGE CODE | |
| Language code of text/sound track or separate title | eng |
| Language code of original | ice |
| 042 ## - AUTHENTICATION CODE | |
| Authentication code | pcc |
| 050 00 - LIBRARY OF CONGRESS CALL NUMBER | |
| Classification number | PT7511.L3 |
| Item number | K713 2005 |
| 082 00 - DEWEY DECIMAL CLASSIFICATION NUMBER | |
| Classification number | 839.6935 |
| Author Mark | LAX |
| 100 0# - MAIN ENTRY--PERSONAL NAME | |
| Personal name | Halldór Laxness, |
| Dates associated with a name | 1902-1998. |
| 9 (RLIN) | 22754 |
| 240 10 - UNIFORM TITLE | |
| Uniform title | Kristnihald undir jøkli. |
| Language of a work | English |
| 245 10 - TITLE STATEMENT | |
| Title | Under the glacier / |
| Statement of responsibility, etc. | Halldór Laxness ; translated from the Icelandic by Magnus Magnusson ; introduction by Susan Sontag. |
| 260 ## - PUBLICATION, DISTRIBUTION, ETC. | |
| Place of publication, distribution, etc. | New York : |
| Name of publisher, distributor, etc. | Vintage, |
| Date of publication, distribution, etc. | 2005. |
| 300 ## - PHYSICAL DESCRIPTION | |
| Extent | xvi, 240 p. ; |
| Dimensions | 21 cm. |
| 700 1# - ADDED ENTRY--PERSONAL NAME | |
| Personal name | Magnússon, Magnús. |
| 9 (RLIN) | 22755 |
| 856 42 - ELECTRONIC LOCATION AND ACCESS | |
| Materials specified | Contributor biographical information |
| Uniform Resource Identifier | <a href="http://www.loc.gov/catdir/bios/random056/2004043086.html">http://www.loc.gov/catdir/bios/random056/2004043086.html</a> |
| 856 42 - ELECTRONIC LOCATION AND ACCESS | |
| Materials specified | Publisher description |
| Uniform Resource Identifier | <a href="http://www.loc.gov/catdir/description/random051/2004043086.html">http://www.loc.gov/catdir/description/random051/2004043086.html</a> |
| 856 41 - ELECTRONIC LOCATION AND ACCESS | |
| Materials specified | Sample text |
| Uniform Resource Identifier | <a href="http://www.loc.gov/catdir/enhancements/fy0617/2004043086-s.html">http://www.loc.gov/catdir/enhancements/fy0617/2004043086-s.html</a> |
| 906 ## - LOCAL DATA ELEMENT F, LDF (RLIN) | |
| a | 7 |
| b | cbc |
| c | orignew |
| d | 1 |
| e | ocip |
| f | 20 |
| g | y-gencatlg |
| 942 ## - ADDED ENTRY ELEMENTS (KOHA) | |
| Source of classification or shelving scheme | |
| Koha item type | Book |
| Withdrawn status | Lost status | Source of classification or shelving scheme | Damaged status | Not for loan | Permanent Location | Current Location | Date acquired | Source of acquisition | Total Checkouts | Full call number | Barcode | Date last seen | Price effective from | Koha item type |
|---|---|---|---|---|---|---|---|---|---|---|---|---|---|---|
| Central Library (CL) | Central Library (CL) | 10/03/2019 | Donation | 839.6935 LAX | CL-D-587 | 10/03/2019 | 10/03/2019 | Book |
